Flags of Europe with Green Color - Statistics

General Stats
  • This quiz has been taken 2,488 times
  • The average score is 7 of 11
Answer Stats
Country % Correct
Italy
93%
Ireland
89%
Portugal
86%
Bulgaria
83%
Hungary
83%
Belarus
71%
Lithuania
69%
Spain
50%
San Marino
45%
Moldova
43%
Montenegro
32%
No matching quizzes found
Score Distribution
Percent of People with Each Score
Percentile by Number Answered
Your Score History
You have not taken this quiz